| 000 | 00718nam a2200217 a 4500 | ||
|---|---|---|---|
| 003 | MX-MxUPN | ||
| 005 | 20241001063930.0 | ||
| 008 | 991125s1928 sp a r 000 0 spa d | ||
| 035 | _aUPN01000016934 | ||
| 040 |
_aMX-MxUPN _bspa _cMX-MxUPN |
||
| 041 | 0 | _aspa | |
| 050 | 1 | 4 |
_aT58.8 _bL43 |
| 100 | 1 |
_aLeprévost, Leonardo _952913 |
|
| 245 | 1 | 0 | _aEconomía industrial y organización de talleres |
| 260 |
_aBarcelona : _bLabor, _c1928. |
||
| 300 |
_a269 páginas, [3] hojas plegables : _bilustraciones |
||
| 490 | 0 |
_aManuales técnicos Labor ; _v33 |
|
| 650 | 4 |
_aProductividad industrial _99549 |
|
| 710 | 2 |
_aInstituto Nacional de Investigación Educativa (México) _epropietario anterior _928086 |
|
| 942 |
_2lcc _cLIBRO |
||
| 999 |
_c16934 _d16934 |
||